000 00505nam a2200181Ia 4500
005 20250326123456.0
008 250326s9999 xx 000 0 und d
037 _aTextbook
040 _aFMSL
_beng
_cFMSL
041 _aeng
_2eng
084 _aX8(A):8 P6
_qFMSL
100 _aDay G S
_9735242
245 0 _aWharton on dynamic competitive strategy
_cDay G S; Guther R E
260 _aUSA
_bUSA, John Wiley
_c2006
300 _a465p
942 _cTB
_hX8(A):8 P6
999 _c1269521
_d1269521